[Event "GER-ch U18 sf Berlin Online"]
[Site "Playchess.com INT"]
[Date "2020.05.01"]
[Round "12"]
[White "Freier, Lennart Luis"]
[Black "Braun, Matthieu"]
[Result "1-0"]
[WhiteElo "1620"]
[BlackElo "1620"]
[PlyCount "63"]
[EventDate "2020.05.01"]
[EventType "swiss (blitz)"]
[EventRounds "13"]
[EventCountry "GER"]
[SourceTitle "CBM 195 Extra"]
[Source "ChessBase"]
[SourceDate "2020.05.31"]
[SourceVersion "1"]
[SourceVersionDate "2020.05.31"]
[SourceQuality "1"]

1. e4 e6 2. Nf3 d5 3. exd5 Bc5 4. dxe6 Nf6 5. Bc4 0-0 6. Nc3 Bxe6 7. Bxe6 fxe6 8. d3 Nc6 9. Bg5 h6 10. Bxf6 Qxf6 11. Ne4 Qe7 12. Nxc5 Qxc5 13. 0-0 e5 14. Nh4 g5 15. Qg4 Rf4 16. Qe6+ Kf8 17. Ng6+ Kg7 18. Nxf4 Re8 19. Qg6+ Kf8 20. Rae1 gxf4 21. Qxh6+ Ke7 22. Qg5+ Kf8 23. Qf5+ Ke7 24. Rxe5+ Nxe5 25. Re1 Rf8 26. Qh7+ Ke8 27. Qg6+ Ke7 28. Qg5+ Ke8 29. c3 Qe7 30. Qh5+ Kd8 31. Rxe5 Qd7 32. Qg5+ 1-0